000 01816nam a22002657a 4500
999 _c1579
_d1579
003 DO-SdBJH
005 20191031230505.0
008 171026b xxu||||| |||| 00| 0 eng d
040 _cRCAA
_aDO-SdBJH
_bspa
090 _aTG EGCEMC
_b01088 2016
100 1 _aJiménez Domínguez, Félix José
_esustentante
245 1 0 _aAnálisis de las incidencias medioambientales de los programas de desarrollo del Ministerio de Defensa para las comunidades fronterizas en la localidad Macasías Provincial Elías Piña, República Dominicana, desde el 2010 hasta el 2015 /
_c Félix José Jiménez Domínguez, asesores Leonel A. Muñoz Noboa, Francisco Acosta
260 _aSanto Domingo :
_bINSUDE,
_c2016
300 _axx, 71 páginas, ilustraciones-tablas-gráficos-fotos
502 _aTesis (Especialidad en Comando y Estado Mayor Conjunto) -- Instituto Superior para la Defensa (INSUDE). -- Escuela de Graduados en Comando y Estado Mayor “General de División Gregorio Luperón”, 2016.
504 _aIncluye referencias bibliográficas e índices
505 _aProgramas de las comunidades fronterizas ejecutados en la localidad de Macasías desde el año hasta el 2015. -- Nivel socioeconómico y vulnerabilidad de Macasías. -- Análisis de la contribución de los programas de las comunidades de Macasías desde el año 2010 hasta el 2015.
650 4 _aMinisterio de Defensa -- Programa en comunidades fronterizas
650 4 _aMacasias -- Provincia Elías Piña -- Producción
651 4 _aRepública Dominicana -- Frontera y medio ambiente
700 1 _aMuñoz Noboa, Leonel A.
_easesor
700 1 _aAcosta, Francisco
_easesor
830 _aINSUDE. Escuela de Graduados en Comando y Estado Mayor “General de División Gregorio Luperón”. Tesis y disertaciones académicas
942 _2CL
_cT